[Event "Titled Tuesday intern op 05th Sep Early"]
[Site "Chess.com INT"]
[Date "2023.09.05"]
[Round "5"]
[White "Florescu, Codrut Constantin"]
[Black "Haitin, Ilja"]
[Result "0-1"]
[WhiteElo "2220"]
[BlackElo "2284"]
[PlyCount "118"]
[EventDate "2023.09.05"]
[EventType "swiss (blitz)"]
[EventRounds "11"]
[EventCountry "USA"]
[SourceTitle "EXT 2024"]
[Source "ChessBase"]
[SourceDate "2023.10.10"]
[SourceVersion "1"]
[SourceVersionDate "2023.10.10"]
[SourceQuality "1"]

1. e4 e6 2. d4 d5 3. e5 c5 4. c3 Qb6 5. Nf3 Bd7 6. a3 Bb5 7. b4 cxd4 8. Bxb5+ Qxb5 9. cxd4 Nc6 10. Nc3 Qc4 11. Ne2 a5 12. Bd2 axb4 13. axb4 Rxa1 14. Qxa1 Bxb4 15. Qa8+ Nd8 16. Qa4+ Nc6 17. Bxb4 Qxb4+ 18. Qxb4 Nxb4 19. Kd2 Ne7 20. Nc3 Kd7 21. Ra1 Nec6 22. Nb5 f6 23. h4 fxe5 24. dxe5 Rf8 25. Kc3 Rf4 26. Ra8 Rc4+ 27. Kd2 Re4 28. Rg8 Nxe5 29. Rxg7+ Kc6 30. Nxe5+ Rxe5 31. Nd4+ Kc5 32. Nf3 Re4 33. Rxh7 b5 34. h5 Nc6 35. h6 Nd4 36. Ng5 Rh4 37. Rh8 Kb4 38. h7 Nb3+ 39. Ke2 Nd4+ 40. Kd3 Nf5 41. Re8 e5 42. Re6 e4+ 43. Ke2 Nd4+ 44. Ke3 Nxe6 45. Nxe6 Rxh7 46. Nd4 Ra7 47. Nc6+ Kc3 48. Ne5 b4 49. Nd3 exd3 50. f4 d4+ 51. Kf3 b3 52. f5 b2 53. f6 b1Q 54. f7 Rxf7+ 55. Kg4 Rf8 56. Kg5 Qg1 57. Kg6 Qxg2+ 58. Kh7 Rf1 59. Kh6 Rh1# 0-1

[Event "Titled Tuesday intern op 05th Sep Early"]
[Site "Chess.com INT"]
[Date "2023.09.05"]
[Round "1"]
[White "Florescu, Codrut Constantin"]
[Black "Pershina, Elena"]
[Result "1-0"]
[WhiteElo "2220"]
[BlackElo "2114"]
[PlyCount "65"]
[EventDate "2023.09.05"]
[EventType "swiss (blitz)"]
[EventRounds "11"]
[EventCountry "USA"]
[SourceTitle "EXT 2024"]
[Source "ChessBase"]
[SourceDate "2023.10.10"]
[SourceVersion "1"]
[SourceVersionDate "2023.10.10"]
[SourceQuality "1"]

1. e4 c5 2. Nf3 e6 3. c3 d5 4. exd5 Qxd5 5. d4 Nf6 6. Be3 cxd4 7. cxd4 Nc6 8. Nc3 Bb4 9. Bd3 0-0 10. 0-0 Bxc3 11. bxc3 b6 12. Qc2 Bb7 13. Bg5 Rac8 14. Bxf6 gxf6 15. Bxh7+ Kg7 16. Be4 Qh5 17. Qd2 Rh8 18. Rac1 Rcd8 19. Qf4 f5 20. Bd3 Ne7 21. Qe5+ Kf8 22. Be2 Ng6 23. Qf6 Bxf3 24. Qxd8+ Kg7 25. Qxh8+ Nxh8 26. Bxf3 Qh4 27. Rfd1 Ng6 28. c4 Nf4 29. c5 bxc5 30. dxc5 Qg5 31. c6 Nh3+ 32. Kf1 Nf4 33. c7 1-0

[Event "Titled Tuesday intern op 05th Sep Early"]
[Site "Chess.com INT"]
[Date "2023.09.05"]
[Round "3"]
[White "Miszler, Levente"]
[Black "Florescu, Codrut Constantin"]
[Result "1-0"]
[WhiteElo "2310"]
[BlackElo "2220"]
[PlyCount "61"]
[EventDate "2023.09.05"]
[EventType "swiss (blitz)"]
[EventRounds "11"]
[EventCountry "USA"]
[SourceTitle "EXT 2024"]
[Source "ChessBase"]
[SourceDate "2023.10.10"]
[SourceVersion "1"]
[SourceVersionDate "2023.10.10"]
[SourceQuality "1"]

1. d4 Nf6 2. Nf3 e6 3. g3 d5 4. Bg2 Na6 5. 0-0 c5 6. c4 Be7 7. cxd5 exd5 8. a3 c4 9. Ne5 Nc7 10. Nc3 0-0 11. e4 b5 12. Nc6 Qe8 13. Nxe7+ Qxe7 14. Bg5 dxe4 15. Nxe4 Rb8 16. Re1 Qd8 17. Nxf6+ gxf6 18. Bh4 Re8 19. Qh5 Rxe1+ 20. Rxe1 Kg7 21. Be4 h6 22. g4 Rb6 23. Bg3 Ne6 24. h4 Qxd4 25. Bb1 Qxb2 26. Qf5 Bb7 27. Qh7+ Kf8 28. Qh8+ Ke7 29. Qb8 Qxa3 30. Bc7 Qc5 31. Qd8# 1-0

[Event "Titled Tuesday intern op 05th Sep Early"]
[Site "Chess.com INT"]
[Date "2023.09.05"]
[Round "8"]
[White "Quispe Santacruz, Javier"]
[Black "Florescu, Codrut Constantin"]
[Result "0-1"]
[WhiteElo "1805"]
[BlackElo "2220"]
[PlyCount "80"]
[EventDate "2023.09.05"]
[EventType "swiss (blitz)"]
[EventRounds "11"]
[EventCountry "USA"]
[SourceTitle "EXT 2024"]
[Source "ChessBase"]
[SourceDate "2023.10.10"]
[SourceVersion "1"]
[SourceVersionDate "2023.10.10"]
[SourceQuality "1"]

1. d4 Nf6 2. c4 e6 3. Nf3 b6 4. g3 Ba6 5. b3 Bb7 6. Bg2 Bb4+ 7. Bd2 a5 8. 0-0 0-0 9. Nc3 d6 10. Qc2 Nbd7 11. Rfe1 Bxc3 12. Bxc3 Be4 13. Qb2 Qb8 14. Nd2 Bxg2 15. Kxg2 d5 16. e4 c6 17. e5 Ne8 18. f4 b5 19. cxd5 cxd5 20. Nf3 b4 21. Bd2 Nc7 22. h4 Nb5 23. h5 h6 24. g4 f6 25. g5 fxg5 26. fxg5 Rf5 27. gxh6 Qf8 28. Rf1 Qf7 29. Ng5 Qxh5 30. Rxf5 Qg4+ 31. Kh2 Qxf5 32. h7+ Kh8 33. Be3 Rf8 34. Rg1 Nc3 35. Rg2 Nxe5 36. Rf2 Ng4+ 37. Kg3 Nxf2 38. Qxf2 Qxf2+ 39. Bxf2 Ne4+ 40. Nxe4 dxe4 0-1

[Event "Satu Mare Szabo Memorial IM"]
[Site "Satu Mare"]
[Date "2023.08.20"]
[Round "9"]
[White "Butolo, Alexandru Mircea"]
[Black "Florescu, Codrut Constantin"]
[Result "1/2-1/2"]
[WhiteElo "2071"]
[BlackElo "2242"]
[PlyCount "47"]
[EventDate "2023.08.14"]
[EventType "tourn"]
[EventRounds "9"]
[EventCountry "ROU"]
[SourceTitle "CBM 215 Extra"]
[Source "ChessBase"]
[SourceDate "2023.09.30"]
[SourceVersion "1"]
[SourceVersionDate "2023.09.30"]
[SourceQuality "1"]

1. e4 c5 2. Nf3 e6 3. d4 cxd4 4. Nxd4 Nf6 5. Nc3 d6 6. g4 h6 7. h4 e5 8. Nf5 Nc6 9. g5 hxg5 10. Bxg5 Be6 11. Bb5 a6 12. Ba4 Bxf5 13. exf5 Be7 14. Bxf6 Bxf6 15. Qf3 Qb6 16. 0-0-0 0-0-0 17. Nd5 Qc5 18. Qe4 Kb8 19. Rh3 Rc8 20. Rc3 Rxh4 21. Nxf6 Rxe4 22. Rxc5 Rxa4 23. Nd7+ Kc7 24. b3 1/2-1/2

[Event "Titled Tuesday intern op 18th Jul Early"]
[Site "Chess.com INT"]
[Date "2023.07.18"]
[Round "1"]
[White "Florescu, Codrut Constantin"]
[Black "Okike, David"]
[Result "1-0"]
[WhiteElo "2256"]
[BlackElo "2157"]
[PlyCount "81"]
[EventDate "2023.07.18"]
[EventType "swiss (blitz)"]
[EventRounds "11"]
[EventCountry "USA"]
[SourceTitle "EXT 2024"]
[Source "ChessBase"]
[SourceDate "2023.10.10"]
[SourceVersion "1"]
[SourceVersionDate "2023.10.10"]
[SourceQuality "1"]

1. d4 Nf6 2. Nf3 e6 3. c4 Bb4+ 4. Bd2 a5 5. Nc3 0-0 6. g3 b6 7. Bg2 Ba6 8. Ne5 c6 9. 0-0 d5 10. b3 h6 11. Rc1 Nfd7 12. Nd3 Ba3 13. Rb1 dxc4 14. bxc4 Bxc4 15. Nf4 Qc7 16. Qa4 Bd6 17. Qxc4 Ra7 18. e4 b5 19. Qe2 b4 20. Na4 c5 21. e5 Be7 22. Rfc1 Na6 23. d5 Qxe5 24. Qxe5 Nxe5 25. dxe6 fxe6 26. Nxe6 Rf6 27. Nexc5 Nxc5 28. Nxc5 Ng4 29. Ne4 Rf8 30. h3 Ne5 31. Be3 Rd7 32. Nc5 Bxc5 33. Rxc5 Nd3 34. Rxa5 Kh8 35. Rd5 Rxd5 36. Bxd5 Rc8 37. Bb3 Ne5 38. Rd1 Nc4 39. Rc1 Nb6 40. Rxc8+ Nxc8 41. Bc5 1-0

[Event "Titled Tuesday intern op 27th Jun Early"]
[Site "Chess.com INT"]
[Date "2023.06.27"]
[Round "7"]
[White "Acikel, Mert"]
[Black "Florescu, Codrut Constantin"]
[Result "0-1"]
[WhiteElo "2222"]
[BlackElo "2256"]
[PlyCount "30"]
[EventDate "2023.06.27"]
[EventType "swiss (blitz)"]
[EventRounds "11"]
[EventCountry "USA"]
[SourceTitle "EXT 2024"]
[Source "ChessBase"]
[SourceDate "2023.10.10"]
[SourceVersion "1"]
[SourceVersionDate "2023.10.10"]
[SourceQuality "1"]

1. e4 b6 2. d4 Bb7 3. Bd3 e6 4. Nf3 c5 5. c3 cxd4 6. cxd4 Nf6 7. Qe2 Qc8 8. Bd2 Ba6 9. Nc3 Bxd3 10. Qxd3 Qa6 11. Qxa6 Nxa6 12. a3 Be7 13. 0-0 0-0 14. Rac1 Rfc8 15. e5 Nd5 0-1

[Event "Titled Tuesday intern op 27th Jun Early"]
[Site "Chess.com INT"]
[Date "2023.06.27"]
[Round "1"]
[White "Florescu, Codrut Constantin"]
[Black "Gutkin, Ilya"]
[Result "1-0"]
[WhiteElo "2256"]
[BlackElo "2271"]
[PlyCount "83"]
[EventDate "2023.06.27"]
[EventType "swiss (blitz)"]
[EventRounds "11"]
[EventCountry "USA"]
[SourceTitle "EXT 2024"]
[Source "ChessBase"]
[SourceDate "2023.10.10"]
[SourceVersion "1"]
[SourceVersionDate "2023.10.10"]
[SourceQuality "1"]

1. e4 e5 2. Nf3 Nc6 3. Bc4 Nf6 4. d3 Bc5 5. h3 d6 6. c3 Be6 7. Bxe6 fxe6 8. b4 Bb6 9. a4 a6 10. a5 Ba7 11. Nbd2 0-0 12. 0-0 Nh5 13. Nxe5 Nxe5 14. Qxh5 Nxd3 15. Nf3 Qf6 16. Bd2 Nf4 17. Bxf4 Qxf4 18. Rae1 e5 19. Re2 Rf6 20. Qh4 Raf8 21. Qxf4 Rxf4 22. Ng5 R4f6 23. h4 h6 24. Nh3 Rg6 25. Kh2 Rg4 26. g3 Rf3 27. Kg2 Rxc3 28. h5 Rc4 29. f3 Rg5 30. Nxg5 hxg5 31. f4 gxf4 32. gxf4 exf4 33. Rxf4 Rxb4 34. h6 gxh6 35. Kh3 Rb3+ 36. Kh4 Bd4 37. Rg2+ Kh8 38. Rf8+ Kh7 39. Rf7+ Kh8 40. Rxc7 Bf6+ 41. Kh5 Bg5 42. Kg6 1-0

[Event "Titled Tuesday intern op 27th Jun Early"]
[Site "Chess.com INT"]
[Date "2023.06.27"]
[Round "8"]
[White "Florescu, Codrut Constantin"]
[Black "Kislinsky, Alexey"]
[Result "1-0"]
[WhiteElo "2256"]
[BlackElo "2360"]
[PlyCount "39"]
[EventDate "2023.06.27"]
[EventType "swiss (blitz)"]
[EventRounds "11"]
[EventCountry "USA"]
[SourceTitle "EXT 2024"]
[Source "ChessBase"]
[SourceDate "2023.10.10"]
[SourceVersion "1"]
[SourceVersionDate "2023.10.10"]
[SourceQuality "1"]

1. e4 c5 2. Nf3 Nc6 3. Bb5 Nf6 4. Nc3 g6 5. 0-0 Bg7 6. e5 Ng4 7. Bxc6 dxc6 8. Re1 0-0 9. d3 Nh6 10. Ne4 b6 11. h3 Nf5 12. Bg5 f6 13. Bf4 Nd4 14. exf6 exf6 15. c3 Ne6 16. Bg3 Bd7 17. Nd6 Kh8 18. Qb3 Qe8 19. Nxe8 Raxe8 20. Qa3 1-0

[Event "Titled Tuesday intern op 27th Jun Early"]
[Site "Chess.com INT"]
[Date "2023.06.27"]
[Round "9"]
[White "Florescu, Codrut Constantin"]
[Black "Livaic, Leon"]
[Result "0-1"]
[WhiteElo "2256"]
[BlackElo "2574"]
[PlyCount "118"]
[EventDate "2023.06.27"]
[EventType "swiss (blitz)"]
[EventRounds "11"]
[EventCountry "USA"]
[SourceTitle "EXT 2024"]
[Source "ChessBase"]
[SourceDate "2023.10.10"]
[SourceVersion "1"]
[SourceVersionDate "2023.10.10"]
[SourceQuality "1"]

1. e4 c5 2. Nf3 e6 3. c3 d5 4. exd5 exd5 5. d4 Nf6 6. Bb5+ Bd7 7. Qe2+ Be7 8. dxc5 0-0 9. 0-0 Bxc5 10. Bxd7 Qxd7 11. Nbd2 Re8 12. Qd3 Nc6 13. Nb3 Bb6 14. Bg5 Ne4 15. Bf4 Qg4 16. Be3 Bxe3 17. fxe3 Rad8 18. Nfd4 Ne5 19. Qd1 Qg5 20. Qe2 Ng4 21. Rf3 Qe5 22. g3 g6 23. Raf1 Ng5 24. Qb5 Nxf3+ 25. Rxf3 Nxe3 26. Qxb7 Re7 27. Qa6 Rd6 28. Nc6 Rxc6 29. Qxc6 Nf5 30. Qb5 Qe2 31. Qxe2 Rxe2 32. Rf2 Re1+ 33. Kg2 Ne3+ 34. Kf3 Nc4 35. Nd4 Rb1 36. b3 Nd6 37. Rc2 Re1 38. Ne2 f5 39. Rd2 Ne4 40. Rxd5 Rf1+ 41. Ke3 Rh1 42. c4 Rxh2 43. c5 Rxe2+ 44. Kxe2 Nc3+ 45. Kd3 Nxd5 46. Kd4 Nc7 47. b4 h5 48. a4 a6 49. Ke5 Kf7 50. Kd6 Ne8+ 51. Kd7 f4 52. gxf4 h4 53. b5 axb5 54. axb5 h3 55. b6 h2 56. b7 h1Q 57. b8Q Qd5+ 58. Kc8 Qxc5+ 59. Kd8 Qe7+ 0-1

[Event "Titled Tuesday intern op 27th Jun Early"]
[Site "Chess.com INT"]
[Date "2023.06.27"]
[Round "11"]
[White "Florescu, Codrut Constantin"]
[Black "Philippe, Guillaume"]
[Result "0-1"]
[WhiteElo "2256"]
[BlackElo "2350"]
[PlyCount "110"]
[EventDate "2023.06.27"]
[EventType "swiss (blitz)"]
[EventRounds "11"]
[EventCountry "USA"]
[SourceTitle "EXT 2024"]
[Source "ChessBase"]
[SourceDate "2023.10.10"]
[SourceVersion "1"]
[SourceVersionDate "2023.10.10"]
[SourceQuality "1"]

1. e4 c5 2. Nf3 Nc6 3. Bb5 e6 4. Bxc6 bxc6 5. 0-0 Ne7 6. d3 Ng6 7. e5 d5 8. exd6 Bxd6 9. Nbd2 e5 10. Nc4 0-0 11. Nxd6 Qxd6 12. Nd2 f5 13. Nc4 Qd5 14. Re1 f4 15. f3 Ba6 16. Re4 Rad8 17. Qe2 Rf5 18. b3 Rg5 19. g4 h5 20. h3 hxg4 21. hxg4 Kf7 22. Bb2 Rh8 23. Nxe5+ Nxe5 24. Rxe5 Rxg4+ 25. Kf2 Rh2+ 26. Kf1 Rh1+ 27. Kf2 Rh2+ 28. Kf1 Rxe2 29. Rxd5 Rgg2 30. Rxc5 Rxc2 31. Rxc2 Rxc2 32. Bd4 Bxd3+ 33. Kg1 c5 34. Bf2 g5 35. Rd1 Be2 36. Rd5 Bxf3 37. Rxc5 Rxa2 38. Bd4 Kg6 39. Rc7 g4 40. Rc3 Rd2 41. Be5 Kf5 42. Bb8 a6 43. Rc4 Rd1+ 44. Kf2 Rd2+ 45. Ke1 Re2+ 46. Kf1 Re4 47. Rc5+ Kg6 48. Rc4 Rxc4 49. bxc4 Kf5 50. c5 Bc6 51. Bc7 g3 52. Ke2 Kg4 53. Be5 f3+ 54. Ke3 f2 55. Ke2 Bb5+ 0-1

[Event "Titled Tuesday intern op 20th Jun Early"]
[Site "Chess.com INT"]
[Date "2023.06.20"]
[Round "5"]
[White "Florescu, Codrut Constantin"]
[Black "Pranav, V."]
[Result "0-1"]
[WhiteElo "2256"]
[BlackElo "2608"]
[PlyCount "90"]
[EventDate "2023.06.20"]
[EventType "swiss (blitz)"]
[EventRounds "11"]
[EventCountry "USA"]
[SourceTitle "EXT 2024"]
[Source "ChessBase"]
[SourceDate "2023.10.10"]
[SourceVersion "1"]
[SourceVersionDate "2023.10.10"]
[SourceQuality "1"]

1. e4 e5 2. Nf3 Nc6 3. Bc4 Nf6 4. d3 h6 5. h3 d6 6. a4 g5 7. a5 a6 8. Nc3 Bg7 9. Be3 Be6 10. Nd5 Bxd5 11. Bxd5 Nxd5 12. exd5 Ne7 13. c4 f5 14. Qb3 0-0 15. 0-0 Qd7 16. Qa4 c6 17. Ra3 Rad8 18. dxc6 Nxc6 19. b4 Qe6 20. b5 Ne7 21. bxa6 bxa6 22. Rb3 g4 23. hxg4 fxg4 24. Nd2 Nf5 25. Bb6 Rd7 26. Qc6 Rdf7 27. Qd5 Qg6 28. Ne4 Kh7 29. Rfb1 g3 30. fxg3 Nxg3 31. Nxg3 Qxg3 32. Qe4+ Kh8 33. R3b2 Rf4 34. Qe3 Rf3 35. Qe4 R3f4 36. Qe3 Qg6 37. Qh3 e4 38. dxe4 Bxb2 39. Rxb2 Rxe4 40. Bf2 Rxc4 41. Rb7 Qf6 42. Bg3 Rc3 43. Qd7 Qg6 44. Qxd6 Rc1+ 45. Kh2 Qh5+ 0-1

[Event "Titled Tuesday intern op 20th Jun Early"]
[Site "Chess.com INT"]
[Date "2023.06.20"]
[Round "6"]
[White "Ljukin, Sergei"]
[Black "Florescu, Codrut Constantin"]
[Result "1-0"]
[WhiteElo "2362"]
[BlackElo "2256"]
[PlyCount "119"]
[EventDate "2023.06.20"]
[EventType "swiss (blitz)"]
[EventRounds "11"]
[EventCountry "USA"]
[SourceTitle "EXT 2024"]
[Source "ChessBase"]
[SourceDate "2023.10.10"]
[SourceVersion "1"]
[SourceVersionDate "2023.10.10"]
[SourceQuality "1"]

1. e4 c5 2. Nf3 e6 3. d4 cxd4 4. Nxd4 a6 5. Bd3 Bc5 6. Nb3 Ba7 7. c4 Ne7 8. Nc3 Nbc6 9. Bf4 d5 10. cxd5 exd5 11. exd5 Nxd5 12. Qe2+ Be6 13. Nxd5 Qxd5 14. 0-0-0 Rc8 15. Kb1 Nd4 16. Qe4 Nxb3 17. Qxd5 Bxd5 18. axb3 Bxb3 19. Rhe1+ Be6 20. Bf5 0-0 21. Rxe6 fxe6 22. Bxe6+ Kh8 23. Bxc8 Rxc8 24. f3 Bc5 25. Rd7 b6 26. Be5 Rg8 27. f4 h6 28. g4 a5 29. f5 Kh7 30. f6 Kg6 31. Rxg7+ Rxg7 32. fxg7 Kh7 33. Kc2 b5 34. Kd3 a4 35. h4 Be7 36. h5 Kg8 37. Ke4 Kf7 38. Kf5 b4 39. Ke4 a3 40. bxa3 bxa3 41. Kd3 a2 42. Kc2 Bd6 43. Ba1 Be7 44. Kb3 Bg5 45. Kxa2 Bd2 46. Kb3 Bg5 47. Kc4 Bd2 48. Kd5 Bg5 49. Ke4 Bc1 50. Kf5 Bg5 51. Bb2 Bd2 52. Bf6 Be3 53. g5 Bxg5 54. Bxg5 hxg5 55. h6 g4 56. Kxg4 Kg8 57. Kf5 Kh7 58. Ke6 Kg8 59. Ke7 Kh7 60. Kf7 1-0

[Event "Titled Tuesday intern op 20th Jun Early"]
[Site "Chess.com INT"]
[Date "2023.06.20"]
[Round "11"]
[White "Manukian, Artak"]
[Black "Florescu, Codrut Constantin"]
[Result "0-1"]
[WhiteElo "2196"]
[BlackElo "2256"]
[PlyCount "124"]
[EventDate "2023.06.20"]
[EventType "swiss (blitz)"]
[EventRounds "11"]
[EventCountry "USA"]
[SourceTitle "EXT 2024"]
[Source "ChessBase"]
[SourceDate "2023.10.10"]
[SourceVersion "1"]
[SourceVersionDate "2023.10.10"]
[SourceQuality "1"]

1. e4 c5 2. Nf3 e6 3. c3 Nf6 4. e5 Nd5 5. d4 cxd4 6. cxd4 d6 7. Nc3 Nxc3 8. bxc3 Qc7 9. Bd2 Nd7 10. Bb5 Be7 11. 0-0 0-0 12. Re1 dxe5 13. Bxd7 Bxd7 14. Nxe5 Rac8 15. Qh5 g6 16. Qh6 Bf6 17. Re3 Bg7 18. Qh4 Qd8 19. Qf4 Bc6 20. Rh3 Bd5 21. Ng4 f5 22. Ne5 b5 23. a3 a6 24. Re1 Qe7 25. Nd3 Rc7 26. Nc5 Rxc5 27. dxc5 Qxc5 28. Rhe3 Bc4 29. h4 Qxa3 30. h5 Rd8 31. Bc1 Qd6 32. Qg5 gxh5 33. Rg3 Rd7 34. Bf4 Qe7 35. Qxh5 Qf7 36. Qxf7+ Kxf7 37. Be5 Bxe5 38. Rxe5 a5 39. Re1 a4 40. Ra1 Rd2 41. Re3 Kf6 42. g3 e5 43. Ree1 e4 44. Red1 Rxd1+ 45. Rxd1 a3 46. Ra1 a2 47. Kg2 Ke5 48. f3 e3 49. Kg1 f4 50. Kg2 Kf5 51. g4+ Kg5 52. Kh2 h5 53. gxh5 Kxh5 54. Kg2 Kg5 55. Kh2 Kf5 56. Kg2 Ke5 57. Kh2 Kd5 58. Kh3 Kc5 59. Kg4 e2 60. Kxf4 Bd3 61. Ke3 e1Q+ 62. Rxe1 Bb1 0-1

[Event "Titled Tuesday intern op 16th May Early"]
[Site "Chess.com INT"]
[Date "2023.05.16"]
[Round "9"]
[White "Florescu, Codrut Constantin"]
[Black "Bagwe, Gaurang"]
[Result "1-0"]
[WhiteElo "2259"]
[BlackElo "2067"]
[PlyCount "45"]
[EventDate "2023.05.16"]
[EventType "swiss (blitz)"]
[EventRounds "11"]
[EventCountry "USA"]
[SourceTitle "CBM 214 Extra"]
[Source "ChessBase"]
[SourceDate "2023.07.31"]
[SourceVersion "1"]
[SourceVersionDate "2023.07.31"]
[SourceQuality "1"]

1. c4 e6 2. Nc3 d5 3. d4 Nf6 4. Nf3 c5 5. e3 a6 6. a3 cxd4 7. exd4 Nc6 8. Bd3 dxc4 9. Bxc4 Bd6 10. 0-0 0-0 11. Qe2 b5 12. Ba2 Bb7 13. Rd1 h6 14. Be3 Re8 15. Rac1 Ne7 16. Ne5 Rc8 17. Bxh6 gxh6 18. Nxf7 Qb6 19. Qxe6 Kg7 20. Nxd6 Neg8 21. Nf5+ Kg6 22. Qxb6 Kxf5 23. Qxb7 1-0

[Event "Titled Tuesday intern op 16th May Early"]
[Site "Chess.com INT"]
[Date "2023.05.16"]
[Round "6"]
[White "Florescu, Codrut Constantin"]
[Black "Jimenez Almeida, Luis David"]
[Result "1-0"]
[WhiteElo "2259"]
[BlackElo "2242"]
[PlyCount "67"]
[EventDate "2023.05.16"]
[EventType "swiss (blitz)"]
[EventRounds "11"]
[EventCountry "USA"]
[SourceTitle "CBM 214 Extra"]
[Source "ChessBase"]
[SourceDate "2023.07.31"]
[SourceVersion "1"]
[SourceVersionDate "2023.07.31"]
[SourceQuality "1"]

1. c4 g6 2. Nc3 Bg7 3. e4 c5 4. g3 Nc6 5. Bg2 d6 6. d3 Nd4 7. Nge2 e6 8. 0-0 Ne7 9. f4 0-0 10. Nxd4 cxd4 11. Ne2 Bd7 12. g4 Bc6 13. g5 f5 14. gxf6 Bxf6 15. Ng3 Bg7 16. Qg4 Qd7 17. h4 b5 18. b3 e5 19. f5 Kh8 20. Bg5 gxf5 21. exf5 Bxg2 22. Kxg2 d5 23. Bxe7 Qxe7 24. cxd5 Bf6 25. Kh3 Rg8 26. Qe4 Rac8 27. Nh5 Rc3 28. Rg1 Rgc8 29. Rg3 Rc2 30. Rag1 Bxh4 31. Rg7 Qe8 32. Qg4 Bf2 33. Rxh7+ Kxh7 34. Qg7# 1-0

[Event "Titled Tuesday intern op 16th May Early"]
[Site "Chess.com INT"]
[Date "2023.05.16"]
[Round "7"]
[White "Florescu, Codrut Constantin"]
[Black "Ter Sahakyan, Samvel"]
[Result "1-0"]
[WhiteElo "2259"]
[BlackElo "2617"]
[PlyCount "89"]
[EventDate "2023.05.16"]
[EventType "swiss (blitz)"]
[EventRounds "11"]
[EventCountry "USA"]
[SourceTitle "CBM 214 Extra"]
[Source "ChessBase"]
[SourceDate "2023.07.31"]
[SourceVersion "1"]
[SourceVersionDate "2023.07.31"]
[SourceQuality "1"]

1. e4 c5 2. Nf3 e6 3. c3 d5 4. exd5 exd5 5. d4 Nf6 6. Bb5+ Bd7 7. Qe2+ Be7 8. dxc5 0-0 9. Bxd7 Nbxd7 10. 0-0 Nxc5 11. Bg5 Re8 12. Nbd2 Qb6 13. Rab1 Bf8 14. Qd1 Nfe4 15. Be3 Qg6 16. Nb3 Rad8 17. Nxc5 Nxc5 18. Bxc5 Bxc5 19. Qb3 Bb6 20. Rbe1 Qf5 21. Qb5 Re4 22. Rxe4 Qxe4 23. Re1 h6 24. Rxe4 dxe4 25. Ne1 g6 26. Qe2 Re8 27. Nc2 Re5 28. Nd4 Kg7 29. g3 h5 30. Kg2 Re7 31. Qe3 Re5 32. b4 Re7 33. a4 Bc7 34. Nb5 Bb8 35. Qc5 Re8 36. Nd6 Re6 37. Qd4+ Kg8 38. Nxe4 Be5 39. Qd8+ Kg7 40. Qd7 h4 41. gxh4 Bf4 42. Ng5 Bxg5 43. hxg5 b6 44. Qxa7 Re5 45. h4 1-0

[Event "Titled Tuesday intern op 16th May Early"]
[Site "Chess.com INT"]
[Date "2023.05.16"]
[Round "2"]
[White "Lisjak, Zlatko"]
[Black "Florescu, Codrut Constantin"]
[Result "0-1"]
[WhiteElo "2215"]
[BlackElo "2259"]
[PlyCount "80"]
[EventDate "2023.05.16"]
[EventType "swiss (blitz)"]
[EventRounds "11"]
[EventCountry "USA"]
[SourceTitle "CBM 214 Extra"]
[Source "ChessBase"]
[SourceDate "2023.07.31"]
[SourceVersion "1"]
[SourceVersionDate "2023.07.31"]
[SourceQuality "1"]

1. d4 Nf6 2. Nc3 d5 3. Bf4 a6 4. e3 e6 5. Nf3 b5 6. Bd3 Bb7 7. Ne5 c5 8. dxc5 Bxc5 9. 0-0 0-0 10. Qe2 Bd6 11. e4 d4 12. Nb1 Qc7 13. Nxf7 Bxf4 14. e5 Rxf7 15. exf6 Bxh2+ 16. Kh1 Rxf6 17. Qh5 Nd7 18. Bxh7+ Kf8 19. Bg6 Ke7 20. Qh7 Rxg6 21. Qxg6 Be5 22. Kg1 Rh8 23. f4 Bf6 24. Nd2 Nc5 25. Rae1 Bd5 26. b4 Nd7 27. Ne4 Qxc2 28. Rf2 Bxe4 29. Rxe4 Qc1+ 30. Rf1 Rh1+ 31. Kxh1 Qxf1+ 32. Kh2 Qf2 33. Qg4 e5 34. Re2 Qh4+ 35. Qxh4 Bxh4 36. fxe5 Ke6 37. Kh3 Bg5 38. Re4 Be3 39. Rg4 g5 40. Re4 Nxe5 0-1

[Event "Titled Tuesday intern op 16th May Early"]
[Site "Chess.com INT"]
[Date "2023.05.16"]
[Round "8"]
[White "Pichot, Alan"]
[Black "Florescu, Codrut Constantin"]
[Result "1-0"]
[WhiteElo "2638"]
[BlackElo "2259"]
[PlyCount "99"]
[EventDate "2023.05.16"]
[EventType "swiss (blitz)"]
[EventRounds "11"]
[EventCountry "USA"]
[SourceTitle "CBM 214 Extra"]
[Source "ChessBase"]
[SourceDate "2023.07.31"]
[SourceVersion "1"]
[SourceVersionDate "2023.07.31"]
[SourceQuality "1"]

1. e4 c5 2. Nf3 e6 3. d4 cxd4 4. Nxd4 a6 5. h3 d5 6. exd5 exd5 7. Nc3 Nf6 8. Be2 Bb4 9. 0-0 0-0 10. Bf3 Bxc3 11. bxc3 Nc6 12. Bg5 h6 13. Bh4 Ne5 14. Re1 Ng6 15. Bg3 Bd7 16. c4 Bc6 17. Rb1 Rc8 18. c5 Qa5 19. Bd6 Rfe8 20. Nf5 Ne4 21. Qd4 f6 22. Bxe4 dxe4 23. Qc4+ Kh7 24. Qf7 Rg8 25. Re3 Be8 26. Qxb7 Qxa2 27. Rb6 Bb5 28. Rg3 Qe6 29. Nd4 Qd7 30. Rxb5 Qe8 31. Rbb3 a5 32. Rbe3 a4 33. Rxe4 Qd8 34. Reg4 Qe8 35. Rxg6 Qxg6 36. Rxg6 Kxg6 37. Qe4+ Kf7 38. Qd5+ Kg6 39. Qf5+ Kf7 40. h4 Rge8 41. Qd5+ Kg6 42. Ne6 Ra8 43. Nc7 a3 44. Nxa8 Re1+ 45. Kh2 a2 46. Qxa2 Re2 47. Qc4 Kh5 48. Qxe2+ Kxh4 49. Nc7 g5 50. Bg3# 1-0

[Event "Titled Tuesday intern op 02nd May Early"]
[Site "Chess.com INT"]
[Date "2023.05.02"]
[Round "5"]
[White "Eidelman, Gabriel"]
[Black "Florescu, Codrut Constantin"]
[Result "0-1"]
[WhiteElo "2209"]
[BlackElo "2259"]
[PlyCount "108"]
[EventDate "2023.05.02"]
[EventType "swiss (blitz)"]
[EventRounds "11"]
[EventCountry "USA"]
[SourceTitle "EXT 2024"]
[Source "ChessBase"]
[SourceDate "2023.10.10"]
[SourceVersion "1"]
[SourceVersionDate "2023.10.10"]
[SourceQuality "1"]

1. Nf3 d5 2. e3 e6 3. c4 Nf6 4. Nc3 Be7 5. b3 b6 6. Bb2 Bb7 7. d4 Nbd7 8. Bd3 a6 9. 0-0 0-0 10. Rc1 Ne4 11. Qe2 f5 12. cxd5 exd5 13. Rc2 Bd6 14. Qd1 Qe7 15. Ne2 Rf6 16. Qc1 Rh6 17. g3 Qf7 18. Kg2 Ndf6 19. h3 Qh5 20. Rh1 Rg6 21. Nf4 Bxf4 22. exf4 Nxg3 23. fxg3 Ne4 24. Bxe4 dxe4 25. Ng5 e3+ 26. d5 Bxd5+ 27. Kh2 Re8 28. Qd1 Qxd1 29. Rxd1 c6 30. h4 h6 31. Nh3 Rge6 32. Re1 a5 33. Be5 a4 34. Rxe3 axb3 35. axb3 Ra8 36. Nf2 Ra3 37. Rb2 Ra1 38. Rc3 Rf1 39. Rd3 g5 40. Rd1 Rxd1 41. Nxd1 gxh4 42. gxh4 Kf7 43. Ne3 Be4 44. Ra2 Re8 45. Ra7+ Ke6 46. Rh7 Ra8 47. Rxh6+ Ke7 48. Rh7+ Ke6 49. Rb7 b5 50. h5 Ra3 51. Kg3 Rxb3 52. Kf2 Ra3 53. Rg7 Ra2+ 54. Kg3 Re2 0-1